000 01290nam a22002297a 4500
999 _c144349
_d144349
005 20210310103925.0
010 _aB-738099-103 1819HN15 B-731060
020 _a9789382996194
_c450.00
035 _aB-731060
035 _aB-738099-103
037 _bडी.बी.ए.डी./ उपहार
037 _bपैंसी बुक्स
082 _a921
100 _aतेजपाल सिंह
245 _aराष्ट्रपुत्र भगत सिंह /
_cतेजपाल सिंह
260 _a नई दिल्ली
_bपेन्सी बुक्स
_c2019
270 _aआर ज़ेड 66/ए, सोमेश विहार, छावला
_b नई दिल्ली
_e110071
300 _a256प्,
_b21सेमी(सजिल्द)
942 _2ddc
_cHN
_mतेजपा
_h921